Gaming Quiz

Random Gaming Quiz
Score 0/104 Timer 08:00
0 Plays Today
% Correct
Ice Man
81.8%
Cut Man
80.5%
Fire Man
80.5%
Guts Man
77.9%
Bomb Man
77.9%
Elec Man
77.9%
Mega Man
75.3%
Quick Man
74%
Proto Man
74%
Bubble Man
71.4%
Wood Man
71.4%
Metal Man
70.1%
Air Man
70.1%
Flash Man
70.1%
Snake Man
70.1%
Roll
70.1%
Crash Man
68.8%
Heat Man
67.5%
Time Man
64.9%
Oil Man
63.6%
Top Man
63.6%
Toad Man
63.6%
Flame Man
63.6%
Hard Man
62.3%
Spark Man
62.3%
Bright Man
62.3%
Pharaoh Man
62.3%
Dive Man
62.3%
Skull Man
62.3%
Shadow Man
61%
Needle Man
59.7%
Gemini Man
59.7%
Dust Man
59.7%
Centaur Man
59.7%
Plant Man
59.7%
% Correct
Wind Man
59.7%
Charge Man
58.4%
Knight Man
58.4%
Magnet Man
57.1%
Yamato Man
57.1%
Ring Man
55.8%
Blizzard Man
55.8%
Drill Man
54.5%
Wave Man
54.5%
Stone Man
54.5%
Napalm Man
54.5%
Freeze Man
54.5%
Gyro Man
53.2%
Star Man
53.2%
Tomahawk Man
53.2%
Cloud Man
53.2%
Gravity Man
51.9%
Junk Man
51.9%
Turbo Man
51.9%
Astro Man
51.9%
Spring Man
50.6%
Shade Man
50.6%
Tengu Man
50.6%
Aqua Man
50.6%
Splash Woman
50.6%
Burst Man
49.4%
Slash Man
48.1%
Sword Man
48.1%
Crystal Man
46.8%
Clown Man
46.8%
Frost Man
46.8%
Grenade Man
45.5%
Tornado Man
45.5%
Search Man
44.2%
Galaxy Man
42.9%
% Correct
Concrete Man
41.6%
Hornet Man
40.3%
Plug Man
37.7%
Magic Man
37.7%
Cold Man
36.4%
Jewel Man
33.8%
Burner Man
33.8%
Bass
33.8%
Dynamo Man
32.5%
Ground Man
29.9%
Pirate Man
28.6%
Jupiter
26%
Enker
24.7%
Venus
24.7%
Mars
24.7%
Saturn
23.4%
Mercury
22.1%
Punk
20.8%
Ballade
20.8%
Uranus
20.8%
Neptune
20.8%
Terra
19.5%
Pluto
19.5%
Treble
18.2%
Buster Rod. G
7.8%
Hyper Storm. H
7.8%
Mega Water. S
6.5%
Magman Man
3.9%
Dangan Man
2.6%
Konro Man
2.6%
Compass Man
2.6%
Aircon Man
1.3%
Komusou Man
1.3%
Clock Men
1.3%

You're not logged in!

Compare scores with friends on all Sporcle quizzes.
OR
Log In

Sporcle TV

Today on Sporcle TV


Watch our educational content, quiz creation guides, and fun videos on Sporcle TV.

Show Comments

Extras

Created Oct 3, 2009ReportNominate
Tags:Man, Master, mega, robot

Top Quizzes Today


Score Distribution

Paid Content

Your Account Isn't Verified!

In order to create a playlist on Sporcle, you need to verify the email address you used during registration. Go to your Sporcle Settings to finish the process.

Report this User

Report this user for behavior that violates our Community Guidelines.

Details: